Taylor Swift - 22 Lyrics - Statistics

General Stats
  • This quiz has been taken 851 times
    766 since last reset
  • The average score is 309 of 367
Answer Stats
Answer % Correct
I
100%
a
99%
It
97%
To
97%
to
97%
twenty-two
97%
Twenty-two
97%
like
96%
you
95%
You
95%
feelin'
94%
feels
94%
night
94%
we
94%
We
94%
about
93%
And
93%
and
93%
be
93%
But
93%
don't
93%
I'm
93%
perfect
93%
know
92%
of
91%
oh
91%
Oh
91%
the
91%
We're
91%
we're
91%
me
90%
up
90%
Yeah
89%
yeah
89%
dress
88%
in
88%
time
88%
when
88%
alright
87%
at
87%
Everything
87%
For
86%
fun
86%
hipsters
86%
It's
86%
our
86%
will
86%
exes
85%
keep
85%
make
85%
dancin'
83%
happy
83%
next
83%
want
83%
if
82%
magical
81%
same
81%
forget
80%
bet
79%
confused
78%
just
78%
one
78%
lonely
77%
those
77%
free
76%
with
75%
midnight
74%
Tonight's
74%
I'll
73%
love
73%
miserable
73%
nights
73%
strangers
73%
sleepin'
72%
best
71%
fall
71%
way
71%
is
70%
too
70%
Too
70%
whole
67%
breakfast
66%
deadlines
66%
have
66%
scene
66%
This
65%
Instead
64%
cool
63%
gotta
63%
seems
63%
kids
62%
many
62%
bad
60%
dreamin'
60%
crowded
59%
ditch
59%
look
59%
place
59%
end
58%
news
58%
won't
58%
Uh
56%
uh
56%
heartbreaks
50%
(Hey)
37%
hey
37%
No matching quizzes found
Score Distribution
Percent of People with Each Score
Percentile by Number Answered
Your Score History
You have not taken this quiz since the last reset